Contrari #2 - Statistics

Statistiche generali
  • Questo quiz è stato fatto 106 volte
  • Il punteggio medio è 13 su 20
Statistiche sulle risposte
Hint Risposta % Corretto
Digiunare Mangiare
99%
Smentire Confermare
83%
Distante Limitrofo
83%
Fitto Rado
77%
Umidità Aridità
76%
Durevole Transitorio
76%
Obsoleto Attuale
74%
Particolare Generale
74%
Facilissimo Asperrimo
73%
Ingegno Imbecillaggine
71%
Omettere Includere
71%
Abbondanza Penuria
69%
Grazia Goffaggine
64%
Olezzo Afrore
61%
Malinconico Ilare
54%
Subalterno Comandante
53%
Solerte Indolente
51%
Reprensibile Impeccabile
46%
Rubicondo Esangue
40%
Temerario Imbelle
40%
Nessun quiz corrispondente trovato
Distribuzione punteggi
Percentuale di utenti per punteggio
Percentile per numero di risposta
I tuoi punteggi nel tempo
Non hai fatto questo quiz